Un gudari navarro en los frentes de Euzkadi, Asturias, Cataluña (Record no. 186603)

MARC details
000 -LEADER
campo de control de longitud fija 00862nam a2200241 i 4500
001 - NÚMERO DE CONTROL
campo de control 186603
003 - IDENTIFICADOR DE NÚMERO DE CONTROL
campo de control SpMaBN
005 - FECHA Y HORA DE LA ÚLTIMA TRANSACCIÓN
campo de control 20230906222714.0
008 - DATOS DE LONGITUD FIJA--INFORMACIÓN GENERAL
campo de control de longitud fija 161205s1979 sp afo |||| |bspa d
020 ## - NÚMERO INTERNACIONAL ESTÁNDAR DEL LIBRO
Número Internacional Estándar del Libro 84-7025-190-2
080 ## - NÚMERO DE LA CLASIFICACIÓN DECIMAL UNIVERSAL
Número de la Clasificación Decimal Universal 946"1936/39"(093.32)
080 ## - NÚMERO DE LA CLASIFICACIÓN DECIMAL UNIVERSAL
Número de la Clasificación Decimal Universal 929 Estornés Lasa, José
100 1# - ENTRADA PRINCIPAL--NOMBRE DE PERSONA
Nombre de persona Estornés Lasa, José.
9 (RLIN) 48184
245 13 - MENCIÓN DEL TÍTULO
Título Un gudari navarro en los frentes de Euzkadi, Asturias, Cataluña
Resto del título : problemática vasca /
Mención de responsabilidad, etc. José Estornes Lasa.
260 ## - PUBLICACIÓN, DISTRIBUCIÓN, ETC.
Lugar de publicación, distribución, etc. San Sebastián :
Nombre del editor, distribuidor, etc. Auñamendi,
Fecha de publicación, distribución, etc. [1979]
300 ## - DESCRIPCIÓN FÍSICA
Extensión 401 p., [16] p. de lám. col. :
Otras características físicas il., fot. ;
Dimensiones 21 cm.
490 1# - MENCIÓN DE SERIE
Mención de serie Gran Auñamendi ;
Designación de volumen o secuencia 2
500 ## - NOTA GENERAL
Nota general Índice onomástico.
651 #7 - PUNTO DE ACCESO ADICIONAL DE MATERIA--NOMBRE GEOGRÁFICO
Nombre geográfico España-
Subdivisión general Historia-
Subdivisión cronológica 1936-1939, Guerra civil-
Subdivisión de forma Relatos personales.
9 (RLIN) 8326
830 0# - PUNTO DE ACCESO ADICIONAL DE SERIE-TÍTULO UNIFORME
Título uniforme Gran Auñamendi ;
Designación de volumen o secuencia 2
9 (RLIN) 225440
852 ## - LOCALIZACIÓN
Ubicación ES-MaACL
Número de control de estantería L-30987
Holdings
Estatus retirado Estado de pérdida Estado de daño No para préstamo Biblioteca de origen Biblioteca actual Ubicación en estantería Fecha de adquisición Fuente de adquisición Total de préstamos Signatura topográfica completa Código de barras Visto por última vez Precio de reemplazo Tipo de ítem Koha
        Biblioteca del Ateneo de Madrid Biblioteca del Ateneo de Madrid Depósito 2 05/12/2016     L-30987 1196782 23/02/2023 23/02/2023 Libro impreso